Chinese Artists in Painting & Calligraphy (Chinese Language) (Record no. 591302)
[ view plain ]
| 000 -LEADER | |
|---|---|
| fixed length control field | 00302nam a22001217a 4500 |
| 082 ## - DEWEY DECIMAL CLASSIFICATION NUMBER | |
| Classification number | 951 |
| Author Mark | CHI |
| 100 ## - MAIN ENTRY--PERSONAL NAME | |
| Personal name | Chinese Artists |
| 245 ## - TITLE STATEMENT | |
| Title | Chinese Artists in Painting & Calligraphy (Chinese Language) |
| Statement of responsibility, etc. | Chinese Artists |
| 260 ## - PUBLICATION, DISTRIBUTION, ETC. | |
| Date of publication, distribution, etc. | 2011 |
| 300 ## - PHYSICAL DESCRIPTION | |
| Extent | 146p |
| 563 ## - BINDING INFORMATION | |
| Binding note | PB |
| 942 ## - ADDED ENTRY ELEMENTS (KOHA) | |
| Source of classification or shelving scheme | |
| Koha item type | Book |
| Withdrawn status | Lost status | Source of classification or shelving scheme | Damaged status | Not for loan | Permanent Location | Current Location | Shelving location | Date acquired | Total Checkouts | Full call number | Barcode | Date last seen | Price effective from | Koha item type |
|---|---|---|---|---|---|---|---|---|---|---|---|---|---|---|
| Central Library (CL) | Central Library (CL) | Chinese Studies | 08/24/2022 | 951 CHI | S3H-D-51 | 08/24/2022 | 08/24/2022 | Book | ||||||
| Central Library (CL) | Central Library (CL) | Chinese Studies | 08/24/2022 | 951 CHI | S3H-D-52 | 08/24/2022 | 08/24/2022 | Book |
